| 000 | 00625cam a22002293a 4500 | ||
|---|---|---|---|
| 001 | 24294 | ||
| 003 | PGUSA | ||
| 005 | 20140828083523.0 | ||
| 008 | 080115s2008||||xxu|||||s|||||000 | eng d | ||
| 040 |
_aPGUSA _beng |
||
| 042 | _adc | ||
| 050 | 4 | _aPL | |
| 100 | 1 |
_aYunyangchichidaoren, _d17th/18th cent. |
|
| 245 | 1 | 0 |
_a警悟鐘 _h[electronic resource] / _cYunyangchichidaoren |
| 260 |
_bProject Gutenberg, _c2008 |
||
| 506 | _aPublic domain in the USA. | ||
| 516 | _aElectronic text | ||
| 740 | 0 | _aJing Wu Zhong | |
| 830 | 0 |
_aProject Gutenberg _v24294 |
|
| 856 | 4 | 0 | _uhttp://www.gutenberg.org/ebooks/24294 |
| 942 | _cEB | ||
| 999 |
_c253549 _d253549 |
||